• 首页
  • 本馆介绍
  • 公告通知
  • 最新文献
  • 馆藏检索
  • 电子资源
  • 读者导购
  • 参考咨询
  • 我的图书馆
  • 登录
  • 详细信息显示
  • 放入我的书架
  • 预约/预借图书
  • 作者相关作品
  • 分类相关作品
  • 丛书相关作品
  • 出版社相关作品

书目信息

  • 表格格式
  • 工作单格式
  • 卡片格式
题名:
爱之叶
    
 
作者: 约瑟夫.谢泼德 著 ;王军 译
分册:  
出版信息: 珠海   珠海出版社  1999.4
页数: 336页
开本: 32开
丛书名: 书城文库
单 册:
中图分类: I712.6
科图分类:
主题词: 文学
电子资源:
ISBN: 7-80607-542-9
000 00789nam0 2200241 45
001 0012041496
005 20040412164855.0
010    @a7-80607-542-9@dCNY21.00
100    @a20001204d1999 km y0chiy0120 ea
101 0  @achi
105    @a z 000yy
200 1  @a爱之叶@AAi Zhi Ye@e现代人的生存启示录@EXian Dai Ren De Sheng Cun Qi Shi Lu@f(美)约瑟夫.谢泼德著@F(Mei)Yue Se Fu.Xie Po De Zhu@g王军译
210    @a珠海@c珠海出版社@d1999.4
215    @a336页@c插图@d32开
225    @a书城文库@i当代经典人文大系
410    @12001 @a书城文库
517    @a现代人的生存启示录@AXian Dai Ren De Sheng Cun QiShi Lu
606 0  @a文学
690    @aI712.6@v1
701  0 @a约瑟夫.谢泼德@4著
702  0 @a王军@AWang Jun@4译
801    @aCN@bPFTUser@c20001204
905    @f2@b293578-579@dI712.6@e311
    
    爱之叶:现代人的生存启示录/(美)约瑟夫.谢泼德著/王军译.-珠海:珠海出版社,1999.4
    336页:插图;32开.-(书城文库.当代经典人文大系)
    
    
    ISBN 7-80607-542-9:CNY21.00
    
●
相关链接 在E读中查询图书 在五车中查询图书 在当当中查询图书 在豆瓣中查询图书


正题名:爱之叶     索取号:I712.6/311         预约/预借

序号 登录号 条形码 馆藏地/架位号 状态 备注
1 0293578   002935783   第二借阅区/ [索取号:I712.6/311] 在馆    
2 0293579   002935792   第二借阅区/ [索取号:I712.6/311] 在馆    
3 0293580   002935809   第一样本阅览室/ [索取号:I712.6/311] 在馆    
唐山师范学院图书馆 欢迎您!
大连网信软件有限公司© 版权所有